|
|
|
|
| LEADER |
00000nam0a2200000 4500 |
| 001 |
288063 |
| 005 |
20231102000042.0 |
| 020 |
|
|
|a RU
|b 84-48804
|
| 035 |
|
|
|a (RuTPU)RU\TPU\book\312511
|
| 090 |
|
|
|a 288063
|
| 100 |
|
|
|a 20150321d1984 k y0rusy5003 ca
|
| 101 |
0 |
|
|a rus
|
| 102 |
|
|
|a RU
|
| 105 |
|
|
|a a z 001zy
|
| 200 |
1 |
|
|a Хромато-масс-спектрометрия
|f Р. А. Хмельницкий, Е. С. Бродский
|
| 210 |
|
|
|a Москва
|c Химия
|d 1984
|
| 215 |
|
|
|a 212 с.
|c ил.
|
| 225 |
1 |
|
|a Методы аналитической химии
|
| 320 |
|
|
|a Библиогр.: с. 201-211
|
| 606 |
1 |
|
|a Хромато-масс-спектрометрия
|2 stltpush
|3 (RuTPU)RU\TPU\subj\17646
|9 43228
|
| 610 |
1 |
|
|a аппаратура
|
| 610 |
1 |
|
|a хроматограф
|
| 610 |
1 |
|
|a масс-спектрометр
|
| 610 |
1 |
|
|a методы
|
| 610 |
1 |
|
|a ионная масс-хроматография
|
| 610 |
1 |
|
|a качественный анализ
|
| 610 |
1 |
|
|a количественный анализ
|
| 610 |
1 |
|
|a применение
|
| 610 |
1 |
|
|a пищевые продукты
|
| 610 |
1 |
|
|a окружающая среда
|
| 610 |
1 |
|
|a лекарственные препараты
|
| 610 |
1 |
|
|a клиническая химия
|
| 675 |
|
|
|a 543.51
|v 3
|
| 700 |
|
1 |
|a Хмельницкий
|b Р. А.
|g Рюрик Аркадьевич
|
| 701 |
|
1 |
|a Бродский
|b Е. С.
|g Ефим Соломонович
|
| 801 |
|
0 |
|a RU
|b RuMRKP
|c 19950704
|g psbo
|
| 801 |
|
1 |
|a RU
|b 63413507
|c 20150321
|
| 801 |
|
2 |
|a RU
|b 63413507
|c 20171122
|g RCR
|
| 942 |
|
|
|c BK
|